| 000 | 01432cam a2200409 i 4500 | ||
|---|---|---|---|
| 999 |
_c200435484 _d53696 |
||
| 001 | 200435484 | ||
| 003 | TR-AnTOB | ||
| 005 | 20240920073832.0 | ||
| 007 | ta | ||
| 008 | 160806s2018 tu b 000 0 tur c | ||
| 010 | _a 2015354133 | ||
| 020 | _a9786053005117 | ||
| 035 | _a(OCoLC)919167475 | ||
| 040 |
_aNjP _beng _erda _cPUL _dOCLCO _dOCLCF _dDLC _dTR-AnTOB |
||
| 041 | 0 | _atur | |
| 042 |
_apcc _alcode |
||
| 043 | _aa-tu--- | ||
| 050 | 0 | 0 |
_aKKX3693 _b.O94 2018 |
| 090 |
_aKKX3693 _b.O94 2018 |
||
| 100 | 1 |
_aÖzen, Mustafa _eauthor _968864 |
|
| 245 | 1 | 0 |
_a213 sayılı Vergi Usul Kanunu'nda düzenlenen vergi suçları ve kabahatleri / _cProf. Dr. Mustafa Özen. |
| 246 | 3 | 0 | _aVergi suçları ve kabahatleri |
| 250 | _aGenişletilmiş ve güncellenmiş 2. baskı. | ||
| 264 | 1 |
_aAnkara : _bAdalet Yayınevi, _c2018. |
|
| 300 |
_axii, 288 pages ; _c24 cm |
||
| 336 |
_atext _btxt _2rdacontent |
||
| 337 |
_aunmediated _bn _2rdamedia |
||
| 338 |
_avolume _bnc _2rdacarrier |
||
| 490 | 0 |
_aAdalet hukuk yayınları dizisi ; _v1389 |
|
| 504 | _aIncludes bibliographical references (pages 285-288). | ||
| 650 | 7 |
_aVergi kaçakçılığı _zTürkiye _2etuturkob _9124787 |
|
| 650 | 7 |
_aVergi muafiyeti _2etuturkob _9124789 _xHukuk ve mevzuat |
|
| 650 | 7 |
_aVergi yönetimi ve usulü _zTürkiye _2etuturkob _918635 |
|
| 650 | 7 |
_aVergilendirme _xHukuk ve mevzuat _zTürkiye _2 _937 |
|
| 942 |
_2lcc _cBK |
||